000 00430nam a2200157Ia 4500
008 240729s9999 xx 000 0 und d
022 _a2180-4249
245 0 _aTropical Life Sciences Research
260 _aMalaysia
260 _bPenerbit Universiti Sains Malaysia
650 _a Biology (General)
650 _aScience
856 _uhttps://doaj.org/toc/eafc19a0264b4ca495fbd0da50fd6a5b
942 _2ddc
942 _cDOAJEJ
999 _c65781
_d65781
945 _a1
_bMadushi Gamage
_c1
_dMadushi Gamage